Nicaragua: Estado y lucha de clases en la coyuntura 1979-1981

Guardat en:
Dades bibliogràfiques
Autor corporatiu: CSUCA
Format: Text
Publicat: San José: CUSCA
Etiquetes: Afegir etiqueta
Sense etiquetes, Sigues el primer a etiquetar aquest registre!

MARC

LEADER 00000 a a2200000 04500
001 21446
003
040 |a CRAI/IIS  |c CRAI/IIS 
090 |a 094500  
110 |a CSUCA  
245 |a Nicaragua: Estado y lucha de clases en la coyuntura 1979-1981  
260 |a San José:   |b CUSCA  
300 |a 22 p.  
500 |a Diseño de investigación  
999 |c 4104  |d 4104